| 000 | 00419nam a22001697a 4500 | ||
|---|---|---|---|
| 003 | NUST - PNEC | ||
| 005 | 20170116181109.0 | ||
| 008 | 151003b xxu||||| |||| 00| 0 eng d | ||
| 020 | _a- | ||
| 040 | _cLIBRARY | ||
| 082 | _a954 NEH | ||
| 100 |
_912822 _aNehru, Jawaharlal |
||
| 245 |
_aGlimpses of world history _cJawaharlal Nehru |
||
| 260 | _cc.1991 | ||
| 650 |
_912826 _aWorld History _xHistory |
||
| 942 |
_2ddc _cBK |
||
| 999 |
_c69057 _d69057 |
||